00633nam a2200181 a 45000010005000000030005000050050017000100080041000270400020000681000032000882450101001202600014002216500048002356500041002839420013003249990015003379520099003521894CDMR20131030175403.0130130s ||||||||||||||||||||||||||||d aCDMRbcatcCDMR1 aMelendres Mata, Roser9141113aLa Revolución Rusa de 1917 cRoser Melendres Matab: vista a través de la prensa barcelonesa aBarcelona0494217aRevolucionsxCobertura periodística0494229aUnió SovièticaxHistòria cTSN2udc c1894d1894 001040708ESC_PaCDMRbCDMRd2013-01-16l0oTb 90pCDMR13097349r2013-01-16w2013-01-16yTSN